| 000 | 00643nam a2200205Ia 4500 | ||
|---|---|---|---|
| 008 | 150520s9999 xx 000 0 und d | ||
| 050 | _aBF 1 | ||
| 050 | _b.B516 2015 | ||
| 100 | _aBermejo, Anjer May V. | ||
| 245 | _aTechnology-mediated communication and ego identity of selected college students of southville international school and colleges / | ||
| 245 | _cAnjer May V. Bermejo. | ||
| 260 | _aLas PiƱas, Philippines : | ||
| 260 | _bSISC, | ||
| 260 | _c2015. | ||
| 300 | _a140 pages : | ||
| 300 | _billustrations ; | ||
| 300 | _c28 cm. | ||
| 500 | _aIncludes bibliographical references and appendices. | ||
| 650 | _aIdentity | ||
| 999 |
_c284110 _d284110 |
||